عرض عادي عرض مارك
  • Pharmaceutical Preparations

مدخل مصطلح موضوعي

عدد التسجيلات المستخدمة في: 1

001 - رقم الضبط

  • حقل الضبط: 56103

003 - معرف رقم الضبط

  • حقل الضبط: OSt

005 - تاريخ ووقت أخر عملية

  • حقل الضبط: 20160724095153.0

008 - عناصر بيانات ثابتة الطول

  • حقل تحكم ثابت الطول: 160724|| aca||aabn | a|a d

040 ## - مصدر الفهرسة

  • هيئة الفهرسة الأصلية: OSt
  • وكالة الكتابة: OSt

150 ## - مدخل-- مصطلح تاريخي

  • عنصر مدخل المصطلح الموضوعي او الاسم الجغرافي: Pharmaceutical Preparations
  • تفريع عام: administration & dosage

670 ## - بيانات المصدر موجوده

  • الاستشهاد بالمصدر: Work cat.: (OSt)0: Bauer, Larry A., author 56102, Applied clinical pharmacokinetics /